| 000 | 00586nam a22002297a 4500 | ||
|---|---|---|---|
| 003 | UA-OsUOA | ||
| 001 | 80003 | ||
| 007 | ta | ||
| 008 | 20111128b un ||||| |||| 00| 0 ukr d | ||
| 100 | _aБажов П.П. | ||
| 090 |
_a821.1 _bБ16 |
||
| 942 | _cBK | ||
| 040 |
_aUA-OsUOA _brus _cUA-OsUOA _dUA-OsUOA |
||
| 245 |
_aСочинения в трех томах _b2 |
||
| 300 | _a350 с. | ||
| 955 | _a3 | ||
| 041 | _arus | ||
| 080 | _a821.1 | ||
| 260 |
_aМ. _bПравда _c1986 |
||
| 650 | 7 |
_a82 Література. Літературознавство _2UDC |
|
| 999 |
_c366321 _d366321 |
||